00908nam a2200241Ia 4500001000600000003000900006008004100015040001300056040001300069041001200082100002300094100002900117245002900146245006400175250001100239260001300250260003200263260004900295300005900344500020800403650002400611650003100635F0343IT-RoPAU130308s9999 xx 000 0 und d aIT-RoPAU cIT-RoPAU aINGLESE aMeier-Engelen Egon gCodice Aut. SPICS: 50153 aDab - Where It Is Going? bFirst International Simposium On Digital Audio Broadcasting a1a ed. aSVIZZERA bEuropean Broadcasting Union c1992 [1° Ed.:1992 - Ed.Ling.Originale:1992] a"10 p. (prefazione: no ; testo: 10 [pagine: 143-152])" aRadio Diffusione Digitale (Dab): Dove Sta Andando?. progetto Europeo Eureka 147, Dati Tecnici, spettro delle Frequenze. Eureka 147: fase 2. Radio Diffusione Digitale: prospettive in Europa e Stati Uniti. aTECNICA RADIOFONICA eCodice materia Spics: 6902